[Event "Sopo Region-ch"]
[Site "Sopo"]
[Date "2021.07.25"]
[Round "5"]
[White "Parra Meza, Brayan"]
[Black "Gomez, Cesar Sebastian"]
[Result "1-0"]
[WhiteElo "1823"]
[BlackElo "1775"]
[PlyCount "115"]
[EventDate "2021.07.24"]
[EventType "swiss"]
[EventRounds "5"]
[EventCountry "COL"]
[SourceTitle "EXT 2022"]
[Source "ChessBase"]
[SourceDate "2021.10.06"]
[SourceVersion "1"]
[SourceVersionDate "2021.10.06"]
[SourceQuality "1"]

1. e4 c5 2. Nc3 e6 3. g3 d5 4. d3 Nf6 5. Bg2 Nc6 6. f4 d4 7. Nce2 h5 8. h3 Qc7 9. Nf3 b6 10. 0-0 Bb7 11. Bd2 Be7 12. a3 a5 13. Ng5 Nd7 14. f5 e5 15. Nf3 Ba6 16. b3 b5 17. a4 b4 18. Bg5 0-0-0 19. Bxe7 Nxe7 20. Ng5 Rdf8 21. g4 hxg4 22. hxg4 Rh4 23. Ng3 Qc6 24. Nf3 Rh7 25. g5 Rfh8 26. Kf2 Kc7 27. Qe2 Qa8 28. Rh1 Bb7 29. Rxh7 Rxh7 30. Rh1 Qh8 31. Qf1 Rxh1 32. Qxh1 Qxh1 33. Bxh1 g6 34. f6 Nc8 35. Bg2 Ncb6 36. Bh3 Kd6 37. Nd2 Nf8 38. Ngf1 Bc6 39. Nh2 Bd7 40. Bxd7 Kxd7 41. Ng4 Kd6 42. Nh6 Ke6 43. Nf3 Nfd7 44. Ke2 Nc8 45. Ng8 Nd6 46. Ne7 c4 47. bxc4 Nc5 48. Nc6 Ndb7 49. Ncxe5 Nxa4 50. Nc6 Nc3+ 51. Kd2 Kd6 52. Ncxd4 a4 53. e5+ Kd7 54. e6+ fxe6 55. Ne5+ Ke8 56. Nxg6 Nc5 57. Nc6 Na2 58. Nce5 1-0

[Event "COL-ch sf"]
[Site "Ubate"]
[Date "2017.10.16"]
[Round "6"]
[White "Velasquez, Angie Gabriela"]
[Black "Parra Meza, Brayan"]
[Result "1/2-1/2"]
[WhiteElo "1766"]
[BlackElo "1640"]
[PlyCount "62"]
[EventDate "2017.10.14"]
[EventType "swiss"]
[EventRounds "6"]
[EventCountry "COL"]
[SourceTitle "CBM 181 Extra"]
[Source "ChessBase"]
[SourceDate "2017.12.12"]
[SourceVersion "1"]
[SourceVersionDate "2017.12.12"]
[SourceQuality "1"]

1. e4 e6 2. d4 d5 3. exd5 exd5 4. Nf3 Bd6 5. Nc3 c6 6. Bd3 Nf6 7. 0-0 Be6 8. Bg5 Nbd7 9. Re1 0-0 10. Qd2 Qc7 11. h3 Rfe8 12. Re2 h6 13. Be3 Nh5 14. Rae1 Nf4 15. Bxf4 Bxf4 16. Qd1 Kf8 17. Nh4 Nf6 18. Ng6+ Kg8 19. Nxf4 Qxf4 20. Re3 Kf8 21. Ne2 Qc7 22. Ng3 Qb6 23. Bf5 Bxf5 24. Nxf5 Qxb2 25. Rb3 Rxe1+ 26. Qxe1 Qxc2 27. Qe7+ Kg8 28. Rxb7 Qc1+ 29. Kh2 Qf4+ 30. Kg1 Qc1+ 31. Kh2 Qf4+ 1/2-1/2

[Event "COL-ch sf"]
[Site "Ubate"]
[Date "2017.10.15"]
[Round "3"]
[White "Parra Meza, Brayan"]
[Black "Mogollon Tobar, Nicolle Juliet"]
[Result "1-0"]
[WhiteElo "1640"]
[BlackElo "1351"]
[PlyCount "103"]
[EventDate "2017.10.14"]
[EventType "swiss"]
[EventRounds "6"]
[EventCountry "COL"]
[SourceTitle "CBM 181 Extra"]
[Source "ChessBase"]
[SourceDate "2017.12.12"]
[SourceVersion "1"]
[SourceVersionDate "2017.12.12"]
[SourceQuality "1"]

1. e4 e5 2. Nc3 Nf6 3. Bc4 Bc5 4. d3 h6 5. f4 d6 6. Nf3 Bg4 7. h3 Bxf3 8. Qxf3 Nc6 9. Qg3 Nh5 10. Qg4 g6 11. f5 Nf6 12. Qg3 g5 13. Be3 Bb4 14. 0-0 Qd7 15. Ne2 0-0-0 16. Qf2 Kb8 17. Bb5 d5 18. Bxa7+ Ka8 19. exd5 Qxd5 20. Bc4 Qd6 21. a3 Ba5 22. b4 Nxa7 23. bxa5 Rhf8 24. Rab1 Qxa3 25. a6 b6 26. Qf3+ e4 27. dxe4 Qc5+ 28. Kh1 Qxc4 29. Nc3 Kb8 30. e5 Nd5 31. Rb3 Qf4 32. e6 Qxf3 33. Rxf3 fxe6 34. fxe6 Rxf3 35. gxf3 Ne7 36. Ne4 Rd5 37. Nf6 Rd6 38. Re3 c5 39. Ng4 h5 40. Nf6 h4 41. Re2 Nac6 42. Kg2 Nd4 43. Rd2 Rxe6 44. Ne4 Re5 45. c3 Ndc6 46. Nf6 Rf5 47. Ne4 Ng6 48. Nd6 Nf4+ 49. Kf2 Rd5 50. Rxd5 Nxd5 51. Ne4 Ka7 52. Ke1 1-0

[Event "Ortega PIJAITO ORO U14 2nd"]
[Site "Ortega"]
[Date "2014.07.04"]
[Round "3.5"]
[White "Parra Meza, Brayan"]
[Black "Herrera Cortes, Luis Felipe"]
[Result "1-0"]
[WhiteElo "1873"]
[BlackElo "1331"]
[PlyCount "27"]
[EventDate "2014.07.04"]
[EventType "swiss"]
[EventRounds "6"]
[EventCountry "COL"]
[SourceTitle "EXT 2024"]
[Source "ChessBase"]
[SourceDate "2023.10.10"]
[SourceVersion "1"]
[SourceVersionDate "2023.10.10"]
[SourceQuality "1"]

1. d4 d5 2. c4 dxc4 3. Nf3 Nf6 4. Nc3 Nc6 5. e4 Bg4 6. Bxc4 e6 7. Be3 Bb4 8. 0-0 0-0 9. Bd3 Ne7 10. Rc1 c6 11. Bb1 Ba5 12. e5 Nfd5 13. Qd3 Bxf3 14. Qxh7# 1-0

[Event "COL-ch U16"]
[Site "Villavicencio"]
[Date "2013.06.15"]
[Round "6"]
[White "Gonzalez, Andres Felipe"]
[Black "Parra Meza, Brayan"]
[Result "1/2-1/2"]
[WhiteElo "1985"]
[BlackElo "1838"]
[PlyCount "50"]
[EventDate "2013.06.13"]
[EventType "swiss"]
[EventRounds "7"]
[EventCountry "COL"]
[SourceTitle "EXT 2018"]
[Source "ChessBase"]
[SourceDate "2017.10.13"]
[SourceVersion "1"]
[SourceVersionDate "2017.10.13"]
[SourceQuality "1"]

1. e4 e5 2. Nf3 Nc6 3. d4 exd4 4. Bc4 Bc5 5. c3 Nf6 6. cxd4 Bb4+ 7. Nc3 Nxe4 8. 0-0 Bxc3 9. d5 Ne5 10. bxc3 Nxc4 11. Qd4 0-0 12. Qxe4 Nd6 13. Qd3 Re8 14. Bf4 Ne4 15. Rfe1 Nc5 16. Qb5 b6 17. Bxc7 Rxe1+ 18. Rxe1 Qf8 19. Bd6 Ba6 20. Bxf8 Bxb5 21. Bd6 Bc4 22. Ne5 Bxd5 23. Bxc5 bxc5 24. Nxd7 Bxa2 25. Nxc5 a5 1/2-1/2

[Event "COL-ch U16"]
[Site "Villavicencio"]
[Date "2013.06.13"]
[Round "2"]
[White "Parra Meza, Brayan"]
[Black "Gomez, Luis Miguel"]
[Result "1-0"]
[WhiteElo "1838"]
[BlackElo "1694"]
[PlyCount "57"]
[EventDate "2013.06.13"]
[EventType "swiss"]
[EventRounds "7"]
[EventCountry "COL"]
[SourceTitle "EXT 2018"]
[Source "ChessBase"]
[SourceDate "2017.10.13"]
[SourceVersion "1"]
[SourceVersionDate "2017.10.13"]
[SourceQuality "1"]

1. e4 e5 2. Nf3 Nc6 3. Bc4 Nf6 4. d3 Bc5 5. c3 d6 6. Bb3 Bg4 7. Nbd2 Qd7 8. h3 Bh5 9. Nf1 d5 10. Qe2 d4 11. Ng3 Bg6 12. Ba4 Qd6 13. Bxc6+ bxc6 14. cxd4 Bxd4 15. Nxd4 Qxd4 16. Be3 Qd7 17. 0-0 0-0 18. Rac1 Rfd8 19. Rfd1 Qe6 20. b3 a5 21. Rc4 Ne8 22. Qc2 Ra6 23. f3 f6 24. d4 Qd7 25. Rc1 Bf7 26. dxe5 fxe5 27. Rxc6 Rxc6 28. Qxc6 Qxc6 29. Rxc6 1-0

[Event "Cali Region-ch U16"]
[Site "Cali"]
[Date "2013.04.12"]
[Round "5.3"]
[White "Parra Meza, Brayan"]
[Black "Ospina Escobar, Juan Pablo"]
[Result "1-0"]
[WhiteElo "1838"]
[BlackElo "1806"]
[PlyCount "46"]
[EventDate "2013.04.12"]
[EventType "swiss"]
[EventRounds "6"]
[EventCountry "COL"]
[SourceTitle "EXT 2024"]
[Source "ChessBase"]
[SourceDate "2023.10.10"]
[SourceVersion "1"]
[SourceVersionDate "2023.10.10"]
[SourceQuality "1"]

1. e4 c5 2. Nf3 Nc6 3. d4 cxd4 4. Nxd4 g6 5. Be2 Bg7 6. Be3 Nf6 7. Nc3 0-0 8. Nb3 d6 9. 0-0 Be6 10. f4 Rc8 11. Kh1 a6 12. a4 Na5 13. Nd4 Bc4 14. Bd3 d5 15. e5 Ne4 16. Nce2 Qc7 17. Rc1 b5 18. b3 Bxd3 19. cxd3 Nc5 20. b4 Qd7 21. bxc5 bxa4 22. Qd2 Nb3 23. Nxb3 axb3 1-0

[Event "Cali Region-ch U16"]
[Site "Cali"]
[Date "2013.04.12"]
[Round "3.3"]
[White "Parra Meza, Brayan"]
[Black "Zuleta, Juan Carlos"]
[Result "0-1"]
[WhiteElo "1838"]
[BlackElo "1862"]
[PlyCount "68"]
[EventDate "2013.04.12"]
[EventType "swiss"]
[EventRounds "6"]
[EventCountry "COL"]
[SourceTitle "EXT 2024"]
[Source "ChessBase"]
[SourceDate "2023.10.10"]
[SourceVersion "1"]
[SourceVersionDate "2023.10.10"]
[SourceQuality "1"]

1. e4 c5 2. Nf3 e6 3. d4 cxd4 4. Nxd4 a6 5. Bd3 b5 6. 0-0 Bb7 7. Re1 Qc7 8. Nc3 Nf6 9. Bg5 b4 10. Nb1 d5 11. Bxf6 gxf6 12. Qh5 Qe5 13. Qxe5 fxe5 14. Nf3 f6 15. Nbd2 Kf7 16. Kf1 Bc6 17. Ng1 Nd7 18. g3 Nc5 19. f3 Bh6 20. Nb3 Nxd3 21. cxd3 Bb5 22. Rad1 Rhc8 23. Nh3 Rc2 24. Re2 Rac8 25. Na1 Rc1 26. Ree1 Rxd1 27. Rxd1 Rc1 28. Rxc1 Bxd3+ 29. Ke1 Bxc1 30. Nf2 Bb1 31. Kd1 Bxb2 32. Nc2 Bxa2 33. Nxb4 Bb3+ 34. Kd2 a5 0-1

[Event "Valle Region-ch U20"]
[Site "Cali"]
[Date "2013.02.23"]
[Round "4.1"]
[White "Parra Meza, Brayan"]
[Black "Dominguez, Oscar Alberto"]
[Result "1/2-1/2"]
[WhiteElo "1838"]
[BlackElo "2092"]
[PlyCount "87"]
[EventDate "2013.02.22"]
[EventType "swiss"]
[EventRounds "5"]
[EventCountry "COL"]
[SourceTitle "EXT 2024"]
[Source "ChessBase"]
[SourceDate "2023.10.10"]
[SourceVersion "1"]
[SourceVersionDate "2023.10.10"]
[SourceQuality "1"]

1. e4 c5 2. Nf3 a6 3. Nc3 d6 4. d4 cxd4 5. Nxd4 Nf6 6. Be2 e5 7. Nb3 Be7 8. 0-0 0-0 9. a4 b6 10. f4 Bb7 11. Bf3 Nbd7 12. Be3 Rc8 13. Qe1 Re8 14. Rd1 Qc7 15. Kh1 d5 16. exd5 exf4 17. Bd4 Ba3 18. Qf2 Bxb2 19. d6 Qb8 20. Bxf6 Nxf6 21. Nd5 Bxd5 22. Bxd5 Rcd8 23. Qxf4 Be5 24. Qc4 Nxd5 25. Qxd5 Re6 26. Qc4 b5 27. axb5 axb5 28. Qc7 Qxc7 29. dxc7 Bxc7 30. Rde1 Rxe1 31. Rxe1 Kf8 32. Kg1 Rd6 33. g3 Bb6+ 34. Kg2 Re6 35. Rxe6 fxe6 36. Kf3 Ke7 37. Ke4 Kd6 38. h3 g6 39. g4 h6 40. Nc1 Kc5 41. Ke5 Kb4 42. Ne2 Ka3 43. Ke4 Kb2 44. Kd3 1/2-1/2

[Event "Valle Region-ch U20"]
[Site "Cali"]
[Date "2013.02.23"]
[Round "3.3"]
[White "Valencia, David Fernando"]
[Black "Parra Meza, Brayan"]
[Result "0-1"]
[WhiteElo "1796"]
[BlackElo "1838"]
[PlyCount "56"]
[EventDate "2013.02.22"]
[EventType "swiss"]
[EventRounds "5"]
[EventCountry "COL"]
[SourceTitle "EXT 2024"]
[Source "ChessBase"]
[SourceDate "2023.10.10"]
[SourceVersion "1"]
[SourceVersionDate "2023.10.10"]
[SourceQuality "1"]

1. Nf3 Nf6 2. e3 g6 3. b3 Bg7 4. Bb2 0-0 5. Be2 c5 6. 0-0 Nc6 7. Bb5 a6 8. Bxc6 bxc6 9. c4 d5 10. d3 Bf5 11. Qe2 dxc4 12. dxc4 Bd3 13. Qd1 Bxf1 14. Qxf1 Ne4 15. Bxg7 Kxg7 16. Qe2 Qd6 17. Nfd2 Qe5 18. Nxe4 Qxa1 19. Qc2 Rad8 20. g3 Qe5 21. Nbc3 Rd7 22. f4 Qh5 23. Qe2 Qxe2 24. Nxe2 Rd1+ 25. Kf2 Rfd8 26. Nxc5 R8d2 27. Nxa6 Rh1 28. Kf3 Rf1+ 0-1

[Event "Latin Cup-A 3rd"]
[Site "Cali"]
[Date "2012.10.07"]
[Round "7"]
[White "Diaz, Cristian Camilo"]
[Black "Parra Meza, Brayan"]
[Result "1/2-1/2"]
[WhiteElo "1950"]
[BlackElo "1817"]
[PlyCount "27"]
[EventDate "2012.10.04"]
[EventType "swiss"]
[EventRounds "9"]
[EventCountry "COL"]
[SourceTitle "CBM 150 Extra"]
[Source "ChessBase"]
[SourceDate "2012.10.19"]
[SourceVersion "1"]
[SourceVersionDate "2012.10.19"]
[SourceQuality "1"]

1. e4 e5 2. Nf3 Nc6 3. Bb5 a6 4. Ba4 b5 5. Bb3 Nf6 6. 0-0 Be7 7. Re1 d6 8. c3 0-0 9. h3 Na5 10. Bc2 c5 11. d4 Qc7 12. Nbd2 Re8 13. Nf1 Bf8 14. Bg5 1/2-1/2

[Event "Latin Cup-A 3rd"]
[Site "Cali"]
[Date "2012.10.06"]
[Round "4"]
[White "Mateus, Martha"]
[Black "Parra Meza, Brayan"]
[Result "1/2-1/2"]
[WhiteElo "2130"]
[BlackElo "1817"]
[PlyCount "97"]
[EventDate "2012.10.04"]
[EventType "swiss"]
[EventRounds "9"]
[EventCountry "COL"]
[SourceTitle "CBM 150 Extra"]
[Source "ChessBase"]
[SourceDate "2012.10.19"]
[SourceVersion "1"]
[SourceVersionDate "2012.10.19"]
[SourceQuality "1"]

1. e4 e5 2. Nc3 Bc5 3. g3 Nc6 4. Bg2 Nge7 5. Nf3 0-0 6. Nxe5 Bxf2+ 7. Kxf2 Nxe5 8. d4 N5g6 9. Rf1 d6 10. Kg1 Be6 11. Bg5 Qd7 12. Rf2 d5 13. exd5 Nxd5 14. Ne4 b6 15. Qf1 c6 16. c4 Nde7 17. Rd1 Bf5 18. Nc3 f6 19. Bc1 Bg4 20. Rd3 Rad8 21. h3 Be6 22. b3 c5 23. d5 Ne5 24. Rd1 Bf7 25. g4 Nc8 26. Ne4 Bg6 27. Bb2 Rde8 28. Ng3 Nd6 29. Nf5 h5 30. Bxe5 Rxe5 31. Nxd6 Qxd6 32. gxh5 Bxh5 33. Re1 Rfe8 34. Rxe5 Qxe5 35. Rf4 Qe3+ 36. Kh2 Qd2 37. Rf5 Bg6 38. Rf2 Qe3 39. Rf3 Qe5+ 40. Kh1 Be4 41. Rf4 Bxg2+ 42. Kxg2 Qg5+ 43. Kh2 Re3 44. Rf3 Qe5+ 45. Kg2 Re2+ 46. Rf2 Qe4+ 47. Kh2 Qf4+ 48. Kg2 Qe4+ 49. Kh2 1/2-1/2

[Event "Latin Cup-A 3rd"]
[Site "Cali"]
[Date "2012.10.06"]
[Round "5"]
[White "Parra Meza, Brayan"]
[Black "Lopez Idarraga, Daniel Eduardo"]
[Result "1/2-1/2"]
[WhiteElo "1817"]
[BlackElo "2034"]
[PlyCount "65"]
[EventDate "2012.10.04"]
[EventType "swiss"]
[EventRounds "9"]
[EventCountry "COL"]
[SourceTitle "CBM 150 Extra"]
[Source "ChessBase"]
[SourceDate "2012.10.19"]
[SourceVersion "1"]
[SourceVersionDate "2012.10.19"]
[SourceQuality "1"]

1. e4 c5 2. Nf3 g6 3. d4 cxd4 4. Nxd4 Nc6 5. Nc3 Bg7 6. Be3 Nf6 7. Be2 0-0 8. Nb3 d6 9. 0-0 Be6 10. f4 Qc8 11. Kh1 Bg4 12. Bxg4 Nxg4 13. Bg1 Bxc3 14. bxc3 f5 15. exf5 Qxf5 16. Qd3 Rac8 17. h3 Qxd3 18. cxd3 Nf6 19. c4 Nh5 20. Bh2 Nb4 21. Rf3 d5 22. c5 e5 23. fxe5 Rxf3 24. gxf3 Nxd3 25. Kg2 b6 26. Rd1 Nhf4+ 27. Bxf4 Nxf4+ 28. Kg3 g5 29. Kg4 h6 30. cxb6 axb6 31. h4 Kf7 32. hxg5 hxg5 33. Kf5 1/2-1/2

[Event "Latin Cup-A 3rd"]
[Site "Cali"]
[Date "2012.10.05"]
[Round "3"]
[White "Parra Meza, Brayan"]
[Black "Ruiz Castillo, Joshua Daniel"]
[Result "0-1"]
[WhiteElo "1817"]
[BlackElo "2315"]
[PlyCount "71"]
[EventDate "2012.10.04"]
[EventType "swiss"]
[EventRounds "9"]
[EventCountry "COL"]
[SourceTitle "CBM 150 Extra"]
[Source "ChessBase"]
[SourceDate "2012.10.19"]
[SourceVersion "1"]
[SourceVersionDate "2012.10.19"]
[SourceQuality "1"]

1. e4 c5 2. Nf3 d6 3. d4 cxd4 4. Nxd4 Nf6 5. Nc3 a6 6. Be2 e5 7. Nb3 Be7 8. 0-0 0-0 9. a4 Be6 10. f4 exf4 11. Bxf4 Nc6 12. Kh1 Ne5 13. Nd4 Qc7 14. Nf5 Bxf5 15. exf5 Rfe8 16. Bg5 Rac8 17. Rc1 h6 18. Bxf6 Bxf6 19. Nd5 Qd8 20. c3 Nd7 21. Bf3 Be5 22. g3 Qg5 23. Bg2 a5 24. b4 Kh8 25. Rc2 Rc4 26. Qd3 Rec8 27. Rfc1 axb4 28. Nxb4 R4c7 29. Nd5 Rc5 30. c4 Ra5 31. Nc3 Nc5 32. Qd5 Bxc3 33. Rxc3 Qf6 34. R3c2 Rxa4 35. Rd1 Rca8 36. Bf1 0-1

[Event "South Region-ch U16"]
[Site "Florencia"]
[Date "2012.04.07"]
[Round "6.2"]
[White "Polo, John Alexander"]
[Black "Parra Meza, Brayan"]
[Result "0-1"]
[WhiteElo "1475"]
[BlackElo "1794"]
[PlyCount "50"]
[EventDate "2012.04.05"]
[EventType "swiss"]
[EventRounds "7"]
[EventCountry "COL"]
[SourceTitle "EXT 2024"]
[Source "ChessBase"]
[SourceDate "2023.10.10"]
[SourceVersion "1"]
[SourceVersionDate "2023.10.10"]
[SourceQuality "1"]

1. e4 e5 2. Nf3 Nc6 3. Bc4 Nf6 4. Nc3 Bc5 5. h3 d6 6. d3 Be6 7. Bb3 Qd7 8. Be3 Bb6 9. d4 exd4 10. Nxd4 Ba5 11. Nde2 Nxe4 12. f3 Bxc3+ 13. Nxc3 Ng3 14. Rg1 0-0-0 15. Bf2 Nf5 16. Qd2 Bxb3 17. axb3 Rde8+ 18. Kd1 a6 19. Re1 Rxe1+ 20. Qxe1 Re8 21. Qg1 d5 22. Nb5 d4 23. Na3 d3 24. c3 Qe6 25. Qe1 Qxb3+ 0-1

[Event "South Region-ch U16"]
[Site "Florencia"]
[Date "2012.04.06"]
[Round "3.2"]
[White "Parra Meza, Brayan"]
[Black "Arismendi Polanco, Efrain Steven"]
[Result "1-0"]
[WhiteElo "1794"]
[BlackElo "1668"]
[PlyCount "87"]
[EventDate "2012.04.05"]
[EventType "swiss"]
[EventRounds "7"]
[EventCountry "COL"]
[SourceTitle "EXT 2024"]
[Source "ChessBase"]
[SourceDate "2023.10.10"]
[SourceVersion "1"]
[SourceVersionDate "2023.10.10"]
[SourceQuality "1"]

1. e4 c5 2. Nf3 d6 3. d4 cxd4 4. Nxd4 Nf6 5. Nc3 g6 6. Bg5 Bg7 7. Be2 0-0 8. 0-0 Nc6 9. Nb3 a5 10. a4 Be6 11. f4 Bxb3 12. cxb3 Nb4 13. Bf3 Qb6+ 14. Kh1 Rfd8 15. Qe2 Nc6 16. Nb5 h6 17. Bh4 Rd7 18. Bf2 Qd8 19. Rac1 Rc8 20. Be1 Qb6 21. Bc3 Ne8 22. Bg4 e6 23. f5 exf5 24. exf5 Re7 25. Qd2 Bxc3 26. bxc3 Qe3 27. Qxe3 Rxe3 28. fxg6 f5 29. Bxf5 Rd8 30. Rce1 Rxe1 31. Rxe1 Ne5 32. h4 Nc6 33. h5 Nf6 34. g4 Ne8 35. Kh2 Ne5 36. Kg3 Nc6 37. Be4 Nf6 38. Bxc6 bxc6 39. Nd4 c5 40. Nf5 Re8 41. Nxh6+ Kg7 42. Nf5+ Kf8 43. Rxe8+ Nxe8 44. h6 1-0

[Event "Valle Region-ch qual 3"]
[Site "Cali"]
[Date "2012.03.31"]
[Round "5.5"]
[White "Parra Meza, Brayan"]
[Black "Yate Baron, Andres Steven"]
[Result "1-0"]
[WhiteElo "1794"]
[BlackElo "1671"]
[PlyCount "66"]
[EventDate "2012.03.30"]
[EventType "swiss"]
[EventRounds "7"]
[EventCountry "COL"]
[SourceTitle "EXT 2024"]
[Source "ChessBase"]
[SourceDate "2023.10.10"]
[SourceVersion "1"]
[SourceVersionDate "2023.10.10"]
[SourceQuality "1"]

1. e4 c5 2. Nf3 d6 3. d4 cxd4 4. Nxd4 Nf6 5. Nc3 a6 6. Be2 e6 7. 0-0 b5 8. a3 Bb7 9. Bf3 Be7 10. e5 Nd5 11. Nxd5 Bxd5 12. Bxd5 exd5 13. e6 0-0 14. exf7+ Rxf7 15. Ne6 Qc8 16. Qxd5 Nd7 17. Be3 Nf6 18. Qb3 h6 19. Rad1 Kh8 20. Nc7 Qxc7 21. Qxf7 Rf8 22. Qg6 d5 23. Bd4 Bd6 24. h3 Ne4 25. Qxh6+ Kg8 26. Qe6+ Qf7 27. Qxf7+ Rxf7 28. Be3 Nf6 29. Bg5 Be5 30. c3 Rd7 31. Bxf6 Bxf6 32. Rd3 Kf7 33. Re1 a5 1-0

[Event "Valle Region-ch qual 3"]
[Site "Cali"]
[Date "2012.03.31"]
[Round "4.8"]
[White "Ramos Ariza, Juan Manuel"]
[Black "Parra Meza, Brayan"]
[Result "0-1"]
[WhiteElo "1735"]
[BlackElo "1794"]
[PlyCount "80"]
[EventDate "2012.03.30"]
[EventType "swiss"]
[EventRounds "7"]
[EventCountry "COL"]
[SourceTitle "EXT 2024"]
[Source "ChessBase"]
[SourceDate "2023.10.10"]
[SourceVersion "1"]
[SourceVersionDate "2023.10.10"]
[SourceQuality "1"]

1. e4 e5 2. Nf3 Nc6 3. Bb5 a6 4. Ba4 Nf6 5. 0-0 b5 6. Bb3 Be7 7. Re1 0-0 8. c3 d6 9. h3 Na5 10. Bc2 c5 11. d4 Qc7 12. d5 Re8 13. Nbd2 Bf8 14. Nf1 g6 15. a4 Bd7 16. Qe2 Rec8 17. Ng3 c4 18. Bg5 Bg7 19. Nd2 h6 20. Be3 Rab8 21. axb5 Rxb5 22. Ra2 Rcb8 23. Rb1 R5b7 24. Kh2 Rc8 25. Rba1 Nb3 26. Bxb3 cxb3 27. Ra3 Bb5 28. Qd1 Bd3 29. Rxb3 Rxb3 30. Nxb3 Bxe4 31. Nxe4 Nxe4 32. Rxa6 f5 33. Ra7 Qb8 34. Ra3 f4 35. Ba7 Qb5 36. Qg4 Rf8 37. Qxg6 Qxd5 38. Bb6 Ng5 39. Ba5 f3 40. h4 Ne6 0-1

[Event "Valle Region-ch qual 3"]
[Site "Cali"]
[Date "2012.03.30"]
[Round "1.2"]
[White "Morales, Jhon Alexander"]
[Black "Parra Meza, Brayan"]
[Result "1-0"]
[WhiteElo "2327"]
[BlackElo "1794"]
[PlyCount "109"]
[EventDate "2012.03.30"]
[EventType "swiss"]
[EventRounds "7"]
[EventCountry "COL"]
[SourceTitle "EXT 2024"]
[Source "ChessBase"]
[SourceDate "2023.10.10"]
[SourceVersion "1"]
[SourceVersionDate "2023.10.10"]
[SourceQuality "1"]

1. e4 e5 2. Nf3 Nc6 3. Bb5 a6 4. Bxc6 dxc6 5. 0-0 f6 6. d4 exd4 7. Nxd4 c5 8. Ne2 Be6 9. Nbc3 Bd6 10. Nf4 Bf7 11. Qg4 g6 12. Rd1 Qd7 13. Qf3 0-0-0 14. Be3 g5 15. Nfd5 g4 16. Qe2 h5 17. Rd2 Kb8 18. Rad1 Qc6 19. a3 Be6 20. Nf4 Bd7 21. Ng6 Rh7 22. e5 fxe5 23. Bg5 Re8 24. Ne4 Re6 25. Nxd6 Rxg6 26. Ne4 Bf5 27. Rd5 Rd7 28. Rxd7 Bxe4 29. Be3 Bxg2 30. Qc4 Bf3 31. R1d2 Nf6 32. Rd8+ Ka7 33. Qxc5+ Qxc5 34. Bxc5+ b6 35. Be3 h4 36. Rh8 h3 37. Rh6 Rxh6 38. Bxh6 e4 39. Bg5 Ne8 40. Rd7 Kb7 41. Kf1 Kc6 42. Re7 Nd6 43. Bf4 a5 44. Ke1 b5 45. Bxd6 cxd6 46. Kd2 b4 47. a4 d5 48. Ke3 Kc5 49. Rc7+ Kb6 50. Rc8 Bg2 51. Kd4 Bf3 52. Rc5 Bg2 53. Rxd5 Bf3 54. Rb5+ Ka6 55. Re5 1-0

[Event "COL-ch School U17"]
[Site "Cali"]
[Date "2012.02.25"]
[Round "6.1"]
[White "Parra Meza, Brayan"]
[Black "Jaramillo Ochoa, Mateo"]
[Result "1/2-1/2"]
[WhiteElo "1799"]
[BlackElo "1959"]
[PlyCount "112"]
[EventDate "2012.02.23"]
[EventType "swiss"]
[EventRounds "7"]
[EventCountry "COL"]
[SourceTitle "EXT 2024"]
[Source "ChessBase"]
[SourceDate "2023.10.10"]
[SourceVersion "1"]
[SourceVersionDate "2023.10.10"]
[SourceQuality "1"]

1. e4 c5 2. Nf3 Nc6 3. d4 cxd4 4. Nxd4 e5 5. Nb5 d6 6. N1c3 a6 7. Na3 Be7 8. Nc4 b5 9. Ne3 Nf6 10. a3 Be6 11. Be2 0-0 12. 0-0 Rc8 13. Bf3 Nd4 14. Ncd5 Nxf3+ 15. Qxf3 Nxd5 16. exd5 Bd7 17. c3 f5 18. Re1 Qe8 19. Nf1 Qf7 20. Rd1 a5 21. Qe2 Rc5 22. Qd3 a4 23. Be3 Rcc8 24. f3 Kh8 25. Kh1 g5 26. Bf2 h5 27. b3 axb3 28. Rab1 f4 29. Nd2 g4 30. Rxb3 Rg8 31. Rg1 g3 32. Be1 Rc5 33. h3 Rxd5 34. Qc2 Qf6 35. Rb2 Bd8 36. c4 Rxd2 37. Qxd2 Qh4 38. Qxd6 Rg7 39. Rf1 Bxh3 40. gxh3 Qxh3+ 41. Kg1 g2 42. Qh6+ Kg8 43. Qxg7+ Kxg7 44. Rxg2+ Kf7 45. c5 Bf6 46. Rh2 Qf5 47. Re2 h4 48. c6 Qd3 49. Rff2 e4 50. c7 Qd7 51. Rc2 Qc8 52. Rh2 exf3 53. Bxh4 Be5 54. Bd8 Bd4+ 55. Kf1 Qg4 56. Rh1 f2 1/2-1/2

[Event "COL-ch School U17"]
[Site "Cali"]
[Date "2012.02.24"]
[Round "3.1"]
[White "Yate Baron, Andres Steven"]
[Black "Parra Meza, Brayan"]
[Result "0-1"]
[WhiteElo "1560"]
[BlackElo "1799"]
[PlyCount "50"]
[EventDate "2012.02.23"]
[EventType "swiss"]
[EventRounds "7"]
[EventCountry "COL"]
[SourceTitle "EXT 2024"]
[Source "ChessBase"]
[SourceDate "2023.10.10"]
[SourceVersion "1"]
[SourceVersionDate "2023.10.10"]
[SourceQuality "1"]

1. e4 e5 2. Nf3 Nc6 3. c3 Nf6 4. Bd3 Bc5 5. Bc2 d5 6. Nxe5 Bxf2+ 7. Kxf2 Nxe5 8. d4 Neg4+ 9. Kg1 Nxe4 10. Bxe4 dxe4 11. h3 Nf6 12. Bf4 0-0 13. Kh2 Nd5 14. Rf1 Re8 15. c4 Nb4 16. Nc3 c6 17. Qh5 g6 18. Qg5 f6 19. Qg3 Qxd4 20. Rad1 Qxc4 21. b3 Qf7 22. Rde1 Bf5 23. Bd6 Nd3 24. Re3 Kh8 25. Qh4 Qe6 0-1

[Event "Valle Region-ch U16"]
[Site "Cali"]
[Date "2012.02.17"]
[Round "5.2"]
[White "Medina Ocampo, Andres Felipe"]
[Black "Parra Meza, Brayan"]
[Result "1/2-1/2"]
[WhiteElo "1882"]
[BlackElo "1799"]
[PlyCount "93"]
[EventDate "2012.02.16"]
[EventType "swiss"]
[EventRounds "7"]
[EventCountry "COL"]
[SourceTitle "EXT 2024"]
[Source "ChessBase"]
[SourceDate "2023.10.10"]
[SourceVersion "1"]
[SourceVersionDate "2023.10.10"]
[SourceQuality "1"]

1. d4 Nf6 2. c4 g6 3. Nc3 Bg7 4. g3 0-0 5. Bg2 c6 6. e3 d5 7. cxd5 cxd5 8. Nge2 Nc6 9. 0-0 b6 10. b3 Ba6 11. Rb1 Rc8 12. b4 Bc4 13. b5 Na5 14. Re1 Bxe2 15. Nxe2 Qd7 16. Bd2 Nc4 17. a4 Rc7 18. Bb4 Rfc8 19. Rc1 h6 20. Qb3 Ra8 21. Bxd5 Qxd5 22. Nf4 Qf5 23. Rxc4 Rxc4 24. Qxc4 Rc8 25. Qd3 Qxd3 26. Nxd3 Nd5 27. e4 Nxb4 28. Nxb4 Bxd4 29. Nc6 Bc5 30. Rc1 Rc7 31. Rd1 Kg7 32. Rd8 Kf6 33. Kg2 Ke6 34. f4 Be3 35. Kf3 Bc5 36. g4 f6 37. h4 Rd7 38. Rxd7 Kxd7 39. Nxa7 Kd6 40. Nc6 e5 41. f5 g5 42. hxg5 hxg5 43. Ke2 Kd7 44. Kd3 Kc7 45. Kc3 Kd7 46. Kc4 Bd6 47. Kd5 1/2-1/2